| 000 | 00636nam a22002057a 4500 | ||
|---|---|---|---|
| 005 | 20180705103544.0 | ||
| 010 | _aENG-123383 | ||
| 020 |
_c455.00 _a9789352832187 |
||
| 035 | _aEN-106915 | ||
| 037 | _bDBAD/PUB | ||
| 082 | _a000 | ||
| 100 | _aAggarwal, R.S. | ||
| 245 | 0 | 0 |
_aA modern approach to non-verbal reasoning / _cby R.S. Aggarwal, |
| 250 | _aRevised Edn. | ||
| 260 |
_aNew Delhi _bS. Chand and Company _c2018 |
||
| 270 |
_a7361, Ram Nagar, _bNew Delhi _e110055 |
||
| 300 |
_avarious paging. _c27cm(pbk) _bill. |
||
| 500 | _aIt includes Additional questions with answers | ||
| 942 |
_2ddc _cEN _mAGG _h000 |
||
| 999 |
_c153407 _d153407 |
||